Effect of rice husk charcoal rates on buching onion ( Allium fistulosum L) in prateahlang soil condition ឥទ្ធិពលនៃបរិមាណធ្យូងអង្កាមទៅលើដំណាំខ្ទឹមស្លឹកក្នុងលក្ខខណ្ឌប្រទះឡាង (Record no. 17955)

000 -LEADER
fixed length control field 00675nam a22001337a 4500
040 ## - CATALOGING SOURCE
Transcribing agency RUA
082 ## - DEWEY DECIMAL CLASSIFICATION NUMBER
Classification number AGR ROS 2017 B633 Or.1
100 ## - MAIN ENTRY--AUTHOR NAME
Personal name ROS DOLLA រស់ ដុឡា
245 ## - TITLE STATEMENT
Title Effect of rice husk charcoal rates on buching onion ( Allium fistulosum L) in prateahlang soil condition ឥទ្ធិពលនៃបរិមាណធ្យូងអង្កាមទៅលើដំណាំខ្ទឹមស្លឹកក្នុងលក្ខខណ្ឌប្រទះឡាង
260 ## - PUBLICATION, DISTRIBUTION, ETC. (IMPRINT)
Place of publication RUA
Name of publisher phnom penh
Year of publication 2017
300 ## - PHYSICAL DESCRIPTION
Number of Pages x;31p
Other physical details ill;
Dimensions 29cm
856 ## - ELECTRONIC LOCATION AND ACCESS
Uniform Resource Identifier https://drive.google.com/file/d/1knVUihzxLhCKYaZL-EUgURuHWfv8IFpA/view?usp=sharing
942 ## - ADDED ENTRY ELEMENTS (KOHA)
Koha item type AGR
952 ## - LOCATION AND ITEM INFORMATION (KOHA)
Withdrawn status [LOCAL, KOHA] 0
952 ## - LOCATION AND ITEM INFORMATION (KOHA)
Withdrawn status [LOCAL, KOHA] 0
952 ## - LOCATION AND ITEM INFORMATION (KOHA)
Withdrawn status [LOCAL, KOHA] 0
952 ## - LOCATION AND ITEM INFORMATION (KOHA)
Withdrawn status [LOCAL, KOHA] 0
952 ## - LOCATION AND ITEM INFORMATION (KOHA)
Withdrawn status [LOCAL, KOHA] 0
952 ## - LOCATION AND ITEM INFORMATION (KOHA)
Withdrawn status [LOCAL, KOHA] 0
Holdings
Permanent Location Date acquired Koha item type Lost status Shelving location Barcode Current Location Full call number
Library Block B2019-07-12AGR B633A43591Library Block BAGR ROS 2017 B633 Or.1
Library Block B2019-07-12AGR B633A42752Library Block BAGR ROS 2017 B633 Or.2
Library Block B2019-07-12AGR B633A43309Library Block BAGR ROS 2017 B633 Or.3
Library Block B2019-07-12AGR B633A43261Library Block BAGR ROS 2017 B633 Or.4
Library Block B2019-07-12AGR B633A43084Library Block BAGR ROS 2017 B633 Or.5
Library Block B2019-07-12AGR B633A42049Library Block BAGR ROS 2017 B633 Or.6
មជ្ឈមណ្ឌលឯការនៃសាកលវិទ្យាល័យភូមិន្ទកសិកម្មចំការដូង

Powered by Koha